Statistics for NHL Best Players on Each Team 2017-2018

Click here to take the quiz!

General Stats

  • This quiz has been taken 573 times
  • The average score is 18 of 31

Answer Stats

HintAnswer% Correct
PenguinsCrosby
98%
OilersMcDavid
98%
BlackhawksKane
92%
Maple LeafsMatthews
92%
SenatorsKarlsson
81%
CapitalsOvechkin
78%
LightningStamkos
74%
KingsDoughty
71%
BluesTarasenko
70%
BruinsBergeron
69%
FlyersGiroux
67%
DevilsHall
67%
IslandersTavares
67%
StarsBenn
63%
FlamesGaudreau
63%
CanadiensPrice
63%
DucksGetzlaf
62%
JetsLaine
62%
AvalancheMacKinnon
62%
SabresEichel
58%
SharksPavelski
56%
PanthersBarkov
55%
Red WingsLarkin
53%
PredatorsSubban
53%
WildStaal
40%
GoldenKnightsNeal
23%
HurricanesSkinner
21%
Blue JacketsFoligno
18%
RangersZuccarello
17%
CanucksH.Sedin
1%
CoyotesEkmin-Larsson
0%

Score Distribution

Percentile by Number Answered

Percent of People with Each Score

Your Score History

You have not taken this quiz